000 00303nam a22001337a 4500
003 SGT
082 _a615
_bT16N
100 _aNAND, PRATIBHA
245 _aA TEXT BOOK OF HOSPITAL & CLINICAL PHARMACY
260 _aDELHI
_bBIRLA PUB
_c2016
300 _a528
650 _aCLINICAL PHARMACY
942 _2ddc
_cBK
999 _c8488
_d8488